<?xml version="1.0" encoding="UTF-8"?><?xml-stylesheet type="text/xsl" href="static/style.xsl"?><OAI-PMH xmlns="http://www.openarchives.org/OAI/2.0/" xmlns:xsi="http://www.w3.org/2001/XMLSchema-instance" xsi:schemaLocation="http://www.openarchives.org/OAI/2.0/ http://www.openarchives.org/OAI/2.0/OAI-PMH.xsd"><responseDate>2026-04-27T12:21:11Z</responseDate><request verb="GetRecord" identifier="oai:uvadoc.uva.es:10324/3541" metadataPrefix="marc">https://uvadoc.uva.es/oai/request</request><GetRecord><record><header><identifier>oai:uvadoc.uva.es:10324/3541</identifier><datestamp>2021-06-18T09:22:03Z</datestamp><setSpec>com_10324_38</setSpec><setSpec>col_10324_787</setSpec></header><metadata><record xmlns="http://www.loc.gov/MARC21/slim" xmlns:doc="http://www.lyncode.com/xoai" xmlns:xsi="http://www.w3.org/2001/XMLSchema-instance" xmlns:dcterms="http://purl.org/dc/terms/" xsi:schemaLocation="http://www.loc.gov/MARC21/slim http://www.loc.gov/standards/marcxml/schema/MARC21slim.xsd">
<leader>00925njm 22002777a 4500</leader>
<datafield tag="042" ind1=" " ind2=" ">
<subfield code="a">dc</subfield>
</datafield>
<datafield tag="720" ind1=" " ind2=" ">
<subfield code="a">Galindo Azkunaga, Ane Elixabet</subfield>
<subfield code="e">author</subfield>
</datafield>
<datafield tag="260" ind1=" " ind2=" ">
<subfield code="c">2013</subfield>
</datafield>
<datafield tag="520" ind1=" " ind2=" ">
<subfield code="a">Este trabajo analiza los distintos aspectos de las expurgaciones llevadas a cabo en la Biblioteca Histórica de Santa Cruz de Valladolid por parte de los censores del Tribunal del Santo Oficio; tras un breve repaso de la historia del Colegio Mayor y su Biblioteca, así como un recorrido por la de la Inquisición, se examinan las técnicas de expurgo y detallan los datos relativos a esta tarea censoria (calificadores, procedimiento, autores y materias más expurgados, procedencia de los libros), aportando ejemplos fotográficos. La compleja y azarosa vida de la Biblioteca de Santa Cruz, unida a la cuestión de la censura inquisitorial, siempre objeto de una eterna discusión acerca de su alcance real en España, resultan un atractivo y poco conocido campo de estudio.</subfield>
</datafield>
<datafield tag="024" ind2=" " ind1="8">
<subfield code="a">http://uvadoc.uva.es/handle/10324/3541</subfield>
</datafield>
<datafield ind1=" " ind2=" " tag="653">
<subfield code="a">Universidad de Valladolid. Biblioteca de Santa Cruz - Historia</subfield>
</datafield>
<datafield tag="245" ind1="0" ind2="0">
<subfield code="a">Libros expurgados de la Biblioteca Histórica de Santa Cruz de Valladolid</subfield>
</datafield>
</record></metadata></record></GetRecord></OAI-PMH>